Výskum vzdelania knihovníkov

Bibliographic Details
Main Authors: -th- (Author), Ritchie, Sheila (Author)
Format: Article
Language:Slovak
Subjects:

MARC

LEADER 00000nab a2200000 a 4500
001 vtls000366124
003 SK-MaSNL
005 20260303134154.0
008 230217c1989 xo 0 slo
015 |a SNBRB19rr/mm-uuuuu 
035 |a CL0366246 
035 |a urn:nbn:sk:snk-abbjvs 
035 |a (urnnbn)urn:nbn:sk:snk:ar-000kus 
035 |a (uuid)3e6c0edc-1d13-41ef-96d9-38ef0b09b9fc 
040 |a SNKBUCL  |b slo  |c SNKBUCL  |e AACR2 
041 0 |a slo 
044 |a xo  |c SK 
080 |a 023.4:37  |2 1981 
080 |a 37  |2 1981 
080 |a 002.6  |2 1981 
080 |a 37(048)  |2 1981 
100 1 |a -th-  |4 aut  |9 852002 
245 1 0 |a Výskum vzdelania knihovníkov  |c -TH- 
650 0 7 |a knihovníci  |2 snkbucl  |9 4220 
650 0 7 |a informatici  |2 snkbucl  |9 90317 
655 7 |a články z novín a časopisov  |2 snkbucl  |9 267496 
655 7 |a články z odboru knihovníctvo  |2 snkbucl  |9 166141 
700 1 |a Ritchie, Sheila  |4 aut  |9 280599 
773 0 |t Čitateľ  |g Roč. 38, č. 12 (1989), s. 458-459 
787 0 8 |i Rec.:  |a Ritchie, Sheila  |t Training and Management Development in Librarianship  |d London : Britisch Library, 1988 
850 |a Slovenská národná knižnica v Martine  |a MTA001 
852 |a SNK  |b KIS3GCP 
954 |a odborná, vedecká literatúra pôvodná (slovenská)  |2 lita 
958 |a RK 
958 |a KL 
958 |a OND 
958 |a EUIPO 
958 |a article15 
992 |a RBX 
999 |c 1960069  |d 1961999